Finance of International Trade / 5th Edition (Record no. 1292)
[ view plain ]
| 000 -LEADER | |
|---|---|
| fixed length control field | 01399cam a22001934a 4500 |
| 005 - ΗΜΕΡΟΜΗΝΙΑ ΚΑΙ ΩΡΑ ΤΕΛΕΥΤΑΙΑΣ ΕΝΗΜΕΡΩΣΗΣ | |
| Πεδίο ελέγχου | 20250605164004.0 |
| 008 - FIXED-LENGTH DATA ELEMENTS--GENERAL INFORMATION | |
| Πεδίο ελέγχου σταθερού μήκους | 250528s ||||||||||||||||||||||||d |
| 035 ## - SYSTEM CONTROL NUMBER | |
| System control number | 15737 |
| 020 ## - ISBN | |
| ISBN | 852973500 |
| 040 ## - ΠΗΓΗ ΚΑΤΑΛΟΓΟΓΡΑΦΗΣΗΣ | |
| Φορέας πρωτότυπης καταλογογράφησης | MC Athens Campus Library |
| Γλώσσα καταλογογράφησης | Ελληνικά, Μοντέρνα (1453-) |
| Modifying agency | MC Athens Campus Library |
| Κανόνες περιγραφικής καταλογογράφησης | AACR2 |
| 245 1# - ΤΙΤΛΟΣ ΚΑΙ ΔΗΛΩΣΗ ΥΠΕΥΘΥΝΟΤΗΤΑΣ | |
| Τίτλος | Finance of International Trade / 5th Edition |
| 250 ## - EDITION STATEMENT | |
| Edition statement | 5th |
| 260 ## - PUBLICATION, DISTRIBUTION, ETC. | |
| Name of publisher, distributor, etc. | Cib, |
| Date of publication, distribution, etc. | 1990 |
| 520 ## - SUMMARY, ETC. | |
| Summary, etc. | Preface, Introduction, Spot Rates and Forward Rates, Factors which Influence Spot Rates and Forward Rates, Close Outs and Extensions of Forward Contracts, Foreign Currency Options and Pure Options, Alternatives to Forward Contracts and Currency Options and Benefits of Foreign Currency Invoicing for Exporters, Eurocurrency Markets and European Currency Units (ECU) and the European Monetary System (EMS), Methods of International Settlement Through Banks, Revision Questions, Transport Documents, Incoterms, An Overview of Terms of Payment, Open Account Terms, Documentary Collections, Documentary Credits, Revision Questions, Short-Term Finance for Exports, Medium and Long-Terms for Exports, Non-Financial Services for Exporters, Bonds and Stand-by Letters of Credit and Countertrade, Inward Documentary Collections, Documentary Credits for Imports, Transferable Letters of Credit and Back-to-Back Letters of Credit, Appendices, Index. |
| 700 1# - ΠΡΟΣΘΕΤΗ ΑΝΑΓΡΑΦΗ--ΦΥΣΙΚΟ ΠΡΟΣΩΠΟ | |
| Personal name | Watson Alasdair |
| 9 (RLIN) | 1706 |
| 942 ## - ADDED ENTRY ELEMENTS (KOHA) | |
| Koha item type | Books |
| Τύπος τεκμηρίου | Βιβλιοθήκη | Τρέχουσα τοποθεσία | Barcode | Αριθμός εισαγωγής | Ημερομηνία απόκτησης | Ταξιθετικό σύμβολο | Αριθμός αντιτύπου | Κατάσταση απόσυρσης | Κατάσταση χαμένου | Κατάσταση κατεστραμμένου | Μη δανεισμός | Σύνολο δανεισμών | Ημερομηνία τελευταίας εμφάνισης | Η τιμή ισχύει από |
|---|---|---|---|---|---|---|---|---|---|---|---|---|---|---|
| Books | MC Athens Campus Library | MC Athens Campus Library | 9780000012913 | 2099 | 05/06/2025 | 382.0941 WAT | 2 | 05/06/2025 | 05/06/2025 |